000
00314nam a22001337a 4500
008
170508b xxu||||| |||| 00| 0 eng d
020
_a
9780761908524
041
_a
eng
080
_a
34
100
_a
15
101
_a
SHJ
245
_a
RURAL WOMAN BATTERING AND THE JUSTICE SYSTEM
_c
WEBSDALE, N
942
_2
udc
_c
BK
999
_c
12942
_d
12942